000 00578cam a22002053a 4500
001 41674
003 PGUSA
005 20140828083936.0
008 121220s2012||||xxu|||||s|||||000 | eng d
040 _aPGUSA
_beng
042 _adc
100 1 _aAllnutt, Sidney
245 1 0 _aCorot :
_bMasterpieces in Colour Series
_h[electronic resource] /
_cSidney Allnutt
260 _bProject Gutenberg,
_c2012
506 _aPublic domain in the USA.
516 _aElectronic text
830 0 _aProject Gutenberg
_v41674
856 4 0 _uhttp://www.gutenberg.org/ebooks/41674
942 _cEB
999 _c270926
_d270926